| 000 | 00824nas a2200193 i 4500 | ||
|---|---|---|---|
| 001 | 185799 | ||
| 003 | ES-MaACL | ||
| 005 | 20250217134919.0 | ||
| 008 | 160811d18871889sp | p r | ||pa d | ||
| 022 | _a2484-2699 | ||
| 245 | 0 | 0 |
_aColección legislativa de primera enseñanza ... / _cpublicada por la Dirección General de Instrucción pública [y la Junta de Inspección y Estadística]. |
| 260 |
_aMadrid : _bDirección General de Instrucción Pública, _c1887-1889 ( _fImp. del Colegio Nacional de Sordo-Mudos y de Ciegos) |
||
| 300 |
_a1 vol. (238 p.) ; _c25 cm. |
||
| 650 | 4 |
_aEnseñanza primaria- _zEspaña- _vLegislación. _9158190 |
|
| 710 | 1 |
_aEspaña. _bMinisterio de Fomento. _bDirección General de Instrucción Pública. _9142709 |
|
| 852 |
_aES-MaACL _jA-8996 |
||
| 866 | 0 | _o1886. | |
| 999 |
_c185799 _d185799 |
||